000 00867nam a2200313Ia 4500
001 Z_6303
003 CHAP
008 220113s1976 xx 000 0 und d
010 _a169540
020 _a84-282-0290-7
040 _cCHAP
082 _a591.1 S36
100 _aSchmidt-Nielsen, Knut
245 _aFisiologia animal: adaptacion y medio ambiente /
_cKnut Schmidt-Nielsen; traducción M. Alemany
260 _aEspaña :
_bOmega,
_c1976
300 _a499 p.
500 _aTraducción de la obra en inglés: Animal phisiology: adaptation and environment
503 _aej.1: s/n
504 _aIncluye bibliografía
650 _aFisiología animal
_941131
650 _aFisiología comparada
_941133
700 _aAlemany, M.,tr.
_9144417
901 _a591.1 S36
902 _aM
910 _a1976
942 _c1
942 _cc1
999 _c169540
_d169540